000
00270nam a22000977a 4500
008
160510b xxu||||| |||| 00| 0 eng d
041
_a
eng
080
_a
61
245
_a
Annual review of public health:
_c
Bunjamin Barnes;Dan E.Beauchamp;Thomas W.Beauchamp;
942
_2
udc
_c
BK
999
_c
1995
_d
1995